Catalog

Record Details

Catalog Search



Letters to the seven churches  Cover Image Book Book

Letters to the seven churches / William Barclay

Barclay, William (Author).

Record details

  • Physical Description: 108 p.
  • Publisher: New York Abingdon Press 1957

Available copies

  • 1 of 1 copy available at Common Catalog SPOK.

Holds

  • 0 current holds with 1 total copy.
Show All Copies
Location Call Number / Copy Notes Barcode Shelving Location Status Due Date
ETS Library 228.06 424470003631 Volný výběr Available -

LDR 00577nam a2 00217
00135339
003CZ-PrJAB
00520030623000000.0
008030623s1957 xxu e |||| |eng
009us
035 . ‡a(CONS)5330
035 . ‡aKPS2481
041 . ‡aeng
08214. ‡a228.06
100 . ‡71500 ‡aBarclay, William
245 . ‡aLetters to the seven churches / ‡cWilliam Barclay
260 . ‡aNew York ‡bAbingdon Press ‡c1957
300 . ‡a108 p.
653 . ‡aLetters to the seven churches
8524 . ‡bETS ‡bETS ‡cVolný výběr ‡j228.06 ‡gA ‡p424470003631
910 . ‡aABG450
999 . ‡a5330 ‡bAUTOGEN ‡c5330 ‡tbiblio
905 . ‡uadmin
901 . ‡a35339 ‡b ‡c35339 ‡tbiblio ‡sets

Additional Resources